Company of Management Consultants (Record no. 119985)

MARC details
000 -LEADER
fixed length control field 00659cam a2200181 4500
001 - CONTROL NUMBER
control field WS116374
008 - FIXED-LENGTH DATA ELEMENTS--GENERAL INFORMATION
fixed length control field 020117n 000 0 eng u
035 ## - SYSTEM CONTROL NUMBER
System control number (Sirsi) u116374
110 ## - MAIN ENTRY--CORPORATE NAME
Corporate name or jurisdiction name as entry element Company of Management Consultants
9 (RLIN) 4186
245 ## - TITLE STATEMENT
Title Company of Management Consultants
520 ## - SUMMARY, ETC.
Summary, etc. Web site for this City of London guidl for management consultants. Includes a directory of members.
650 ## - SUBJECT ADDED ENTRY--TOPICAL TERM
Topical term or geographic name entry element ORGANISATION
650 ## - SUBJECT ADDED ENTRY--TOPICAL TERM
Topical term or geographic name entry element GUILD
650 ## - SUBJECT ADDED ENTRY--TOPICAL TERM
Topical term or geographic name entry element Management consultancy
9 (RLIN) 6255
690 ## - LOCAL SUBJECT ADDED ENTRY--TOPICAL TERM (OCLC, RLIN)
Topical term or geographic name as entry element MANAGEMENT-BUSINESS MANAGEMENT-PROFESSIONAL PRACTICE
856 40 - ELECTRONIC LOCATION AND ACCESS
Uniform Resource Identifier <a href="https://www.comc.org.uk">https://www.comc.org.uk</a>
Public note View the website free of charge at www.comc.org.uk...
942 ## - ADDED ENTRY ELEMENTS (KOHA)
Suppress in OPAC 0
Holdings
Withdrawn status Lost status Source of classification or shelving scheme Damaged status Not for loan Home library Current library Shelving location Date acquired Total Checkouts Full call number Barcode Date last seen Copy number Price effective from Koha item type
    Dewey Decimal Classification     Virtual Virtual Online 17/01/2002   WEB SITE 116374-2001 06/08/2019 1 06/08/2019 Online material